UM Logo

''This is your moment-seize it!'' : (Record no. 24178)

MARC details
000 -LEADER
fixed length control field 00786nam a22001937a 4500
003 - CONTROL NUMBER IDENTIFIER
control field OSt
005 - DATE AND TIME OF LATEST TRANSACTION
control field 20251108132117.0
008 - FIXED-LENGTH DATA ELEMENTS--GENERAL INFORMATION
fixed length control field 251108b |||||||| |||| 00| 0 eng d
040 ## - CATALOGING SOURCE
Transcribing agency 0
082 ## - DEWEY DECIMAL CLASSIFICATION NUMBER
Classification number DPer 372.83044 SoI31 September 2022-April 2023 v. 35 n. 1-4
100 ## - MAIN ENTRY--PERSONAL NAME
Personal name Dickenson, Beau.
Relator term author.
9 (RLIN) 69310
245 ## - TITLE STATEMENT
Title ''This is your moment-seize it!'' :
Remainder of title Barbara Jones, Black Agency, and the empowerment of the youth /
Statement of responsibility, etc. Beau Dickenson and Emma Thacker.
260 ## - PUBLICATION, DISTRIBUTION, ETC. (IMPRINT)
Place of publication, distribution, etc. NCSS Publication ;
Date of publication, distribution, etc. March-April 2023.
300 ## - PHYSICAL DESCRIPTION
Extent Volume 35, pages 9-14 :
Other physical details illustration ;
Dimensions 28 cm.
500 ## - GENERAL NOTE
General note Social Studies and the Young Learner, vol. 35, no. 3, pages 9-14, March/April 2023.
700 ## - ADDED ENTRY--PERSONAL NAME
Personal name Dickenson, Beau.
Relator term author.
9 (RLIN) 69310
710 ## - ADDED ENTRY--CORPORATE NAME
Corporate name or jurisdiction name as entry element Thacker, Emma.
Relator term author.
9 (RLIN) 69311
942 ## - ADDED ENTRY ELEMENTS (KOHA)
Source of classification or shelving scheme Dewey Decimal Classification
Koha item type Periodicals
Holdings
Withdrawn status Lost status Source of classification or shelving scheme Damaged status Not for loan Collection code Home library Current library Date acquired Total Checkouts Full call number Date last seen Price effective from Koha item type Public note
    Dewey Decimal Classification     Periodicals UM Digos College - LIC UM Digos College - LIC 11/08/2025   DPer 372.83044 SoI31 September 2022-April 2023 v. 35 n. 1-4 11/08/2025 11/08/2025 Periodicals Periodical Article